000 00468ntaaa2200181 4500
003 01
005 20251027200835.0
008 0714s1973 ag 01
040 _aAR-BaBN
_bspa
_cAR-BaBN
_eaacr
_dRIC
082 _a027.82 G16
100 _aGardiner, Jewel
_94870
245 _aServicio bibliotecario en la escuela elemental /
_cJewel Gardiner
250 _a1 ed.
260 _aMexico :
_bPax,
_c1963
300 _a198 p
650 _aBibliotecologia
_93308
942 _cBK
999 _c2528
_d2528